| 000 | 01044nas a2200313 4500 | ||
|---|---|---|---|
| 001 | BR2017001643 | ||
| 003 | BR-BrBNA | ||
| 005 | 20231205130958.0 | ||
| 007 | ta | ||
| 008 | 230509b bl.|||p| |||| 00| 00por d | ||
| 040 |
_aBR-BrBNA _bpor _cBiblioteca Nacional de Agricultura |
||
| 041 | _a(Pt) | ||
| 072 | _aP33 | ||
| 100 | 1 | _aCorado Neto, F. da C. | |
| 100 | 1 | _aSampaio, F. de M.T. | |
| 100 | 1 | _aVeloso, M.E. da C. | |
| 100 | 1 | _aMatias, S.S.R. | |
| 100 | 1 | _aAndrade, F.R. | |
| 100 | 1 | _aLobato, M.G.R. | |
| 245 | 1 | _aVariabilidade espacial dos agregados e carbono orgânico total em Neossolo Litólico Eutrófico no município de Gilbués, PI | |
| 650 | _aANÁLISE DO SOLO | ||
| 650 | _aFÍSICA | ||
| 650 | _aMAPA | ||
| 650 | _aAMOSTRAGEM | ||
| 773 | 0 |
_tRevista de Ciências Agrárias (Brazil) _xISSN 2177-8760 _g(Jan-Mar 2015), v. 58(1) p. 75-83 _wBR2017001643 |
|
| 856 | 4 | 0 | _uhttps://periodicos.ufra.edu.br/index.php?journal=ajaes page=issue op=archive |
| 909 |
_a202311 _bLúcia _c55 _dLúcia Elande |
||
| 942 |
_2AGRIS _n0 _cANA |
||
| 999 |
_c252397 _d252397 |
||